[Event "HCL-A2397"]
[Site "www.playchess.de"]
[Date "2006.01.30"]
[Round "26"]
[White "Andy1"]
[Black "Kinglord"]
[WhiteElo "1527"]
[BlackElo "1426"]
[PlyCount "118"]
[Result "0-1"]

1.e4 e6 2.e5 d5 3.exd6 Bxd6 4.d4 Nf6 5.Nf3 O-O 
6.Bd3 b6 7.O-O Bb7 8.c4 Nbd7 9.a3 c5 10.dxc5 Nxc5 
11.Bc2 Qc7 12.h3 Rad8 13.Qe2 Ncd7 14.Rd1 Ne5 
15.Nxe5 Bxe5 16.Nd2 Qc6 17.Nf3 Rxd1+ 18.Bxd1 Bd6 
19.b4 Rc8 20.Bb3 Qe4 21.Qxe4 Bxe4 22.Nd2 Bb7 
23.Bb2 Rd8 24.Bxf6 gxf6 25.Nf1 Kg7 26.g3 f5 27.Ne3 
Be5 28.Rd1 Rxd1+ 29.Nxd1 Kg6 30.f4 Bd4+ 31.Kf1 e5 
32.fxe5 Bxe5 33.Kf2 Bd4+ 34.Ke2 f6 35.Kd3 
{(offering draw)}  Be5 36.g4 fxg4 37.hxg4 Kg5 
38.c5 bxc5 39.bxc5 Kxg4 40.Ne3+ Kg5 41.Be6 Bc6 
42.Nf5 Kf4 43.Ne7 Bb5+ 44.Kd2 Ke4 45.c6 Bd6 46.Nc8 
Bf4+ 47.Ke1 Bxc6 48.Nxa7 Ba4 49.Ba2 h6 50.Nc8 Be3 
51.Nd6+ Kf4 52.Kf1 Bc5 53.Nf7 h5 54.Bc4 Bxa3 
55.Be2 h4 56.Kg2 Bd7 57.Bf3 h3+ 58.Kf2 Bc5+ 59.Ke2 
Bb5+ 0-1

[Event "HCL-A2540"]
[Site "www.playchess.de"]
[Date "2006.01.30"]
[Round "27"]
[White "MimiSiku"]
[Black "padre"]
[WhiteElo "1479"]
[BlackElo "1373"]
[PlyCount "56"]
[Result "0-1"]

1.e4 {Hello from Würzburg, Germany. Have a nice 
game!}  c5 {Hello from Boerne, TX}  2.Nf3 d6 3.c3 
Nc6 4.d4 cxd4 5.Nxd4 Nf6 6.f3 g6 7.Bb5 Bd7 8.O-O 
Bg7 9.Be3 O-O 10.Qa4 Ne5 11.Nd2 a6 12.Bxd7 Qxd7 
13.Qb3 Rac8 14.Nc2 b5 15.Nb4 Qb7 16.Rad1 Rc7 
17.Bg5 a5 18.Bxf6 Bxf6 19.Nd5 Kg7 20.Nxc7 Qxc7 
21.Qc2 Rc8 22.Rdc1 Nc4 23.Nxc4 Qxc4 24.a3 b4 
25.axb4 axb4 26.Qd2 bxc3 27.bxc3 Bxc3 28.Qc2 
Bd4+ 0-1

[Event "HCL-B3847"]
[Site "www.playchess.de"]
[Date "2006.01.30"]
[Round "14"]
[White "evets"]
[Black "nico21"]
[WhiteElo "1392"]
[BlackElo "1512"]
[PlyCount "115"]
[Result "1/2-1/2"]

1.Nf3 Nf6 2.d4 e6 3.Nbd2 d5 4.e3 a6 5.Bd3 c5 6.c3 
c4 7.Bb1 Nc6 8.O-O Bd6 9.Re1 O-O 10.e4 dxe4 
11.Nxe4 Nxe4 12.Bxe4 Bd7 13.Ng5 g6 14.Nxh7 Re8 
15.Ng5 Kg7 16.Qf3 Qf6 17.Qxf6+ Kxf6 18.Bxc6 Bxc6 
19.Ne4+ Bxe4 20.Rxe4 Reh8 21.Bf4 Kf5 22.Re2 Bxf4 
23.g3 Bd6 24.Rae1 Rh7 25.R2e4 Rah8 26.h4 g5 27.g4+ 
Kg6 28.h5+ Kf6 29.b3 cxb3 30.axb3 Rc8 31.R1e3 Rhh8 
32.Rf3+ Kg7 33.Kg2 Rc7 34.c4 b6 35.Kf1 Rhc8 36.Ke2 
a5 37.Kd3 a4 38.c5 bxc5 39.dxc5 R7xc5 40.bxa4 
R5c3+ 41.Ke2 Rxf3 42.Kxf3 Rc3+ 43.Ke2 Rb3 44.f3 
Rb4 45.Rxb4 Bxb4 46.Ke3 f5 47.Kd4 fxg4 48.fxg4 Kf6 
49.Ke4 Ba5 50.Kd4 e5+ 51.Kd5 Bc3 52.Kc4 Bd4 53.a5 
Ke6 54.a6 Ba7 55.Kd3 Bb6 56.Ke4 Ba7 57.Kd3 Bg1 
58.Ke4 {(offering draw)}  1/2-1/2

[Event "HCL-E1541"]
[Site "www.playchess.de"]
[Date "2006.01.30"]
[Round "12"]
[White "yannick"]
[Black "alldrix"]
[WhiteElo "1613"]
[BlackElo "1600"]
[PlyCount "126"]
[Result "0-1"]

1.e4 {hi,good tournament  and best wishes for 
2006}  e6 {thanks! for you too!}  2.d4 d5 3.Nc3 
Nf6 4.e5 Nfd7 5.Nce2 c5 6.c3 Nc6 7.f4 cxd4 8.Nxd4 
Nxd4 9.cxd4 Be7 10.Bd3 Nb6 11.Qc2 h6 12.Nf3 Bd7 
13.O-O Rc8 14.Qf2 O-O 15.Bd2 Nc4 16.Bc3 Bb5 
17.Rac1 Na3 18.Be2 Bxe2 19.Qxe2 Nc4 20.b3 Nb6 
21.a4 Qd7 22.a5 Na8 23.Kh1 Rc6 24.Qb5 b6 25.a6 Nc7 
26.Qe2 b5 27.Rfg1 Rxa6 28.Qf2 f5 29.b4 Rc6 30.Rc2 
Na6 31.Rb1 Rfc8 32.Rbc1 Nxb4 33.Bxb4 Bxb4 34.R2xc6 
Rxc6 35.Qe3 Qc7 36.Rb1 a5 37.Ng1 Rc3 38.Qe2 Qc4 
39.Qxc4 bxc4 40.g4 g6 41.gxf5 gxf5 42.Kg2 Rb3 
43.Rc1 a4 44.Ra1 a3 45.Ne2 Bc3 46.Nxc3 Rxc3 47.Kf1 
Rf3+ 48.Ke2 Rxf4 49.Rxa3 Rxd4 50.Ra7 Re4+ 51.Kf2 
Rxe5 52.Rc7 f4 53.Kf3 Re4 54.Kg4 h5+ 55.Kxh5 f3 
56.Kg5 f2 57.Rc8+ Kf7 58.Rc7+ Ke8 59.Rc8+ Kd7 
60.Rf8 Re5+ 61.Kg6 Rf5 62.Ra8 f1Q 63.Ra7+ {soon 
the end ?}  Kd6 0-1

[Event "HCL-C4072"]
[Site "www.playchess.de"]
[Date "2006.01.30"]
[Round "18"]
[White "sigma40"]
[Black "HoshiX"]
[WhiteElo "1172"]
[BlackElo "361"]
[PlyCount "27"]
[Result "1-0"]

1.e4 {hello
hello}  Nf6 2.Nc3 e5 3.Nf3 d6 4.Bc4 a6 5.O-O b5 
6.Bd3 b4 7.Ne2 a5 8.b3 c5 9.Bb5+ Bd7 10.Bc4 Nxe4 
11.Bd5 h5 12.Bxa8 Nf6 13.d3 Nc6 
14.Bxc6 1-0

[Event "HCL-B3798"]
[Site "www.playchess.de"]
[Date "2006.01.30"]
[Round "5"]
[White "Kannsnich"]
[Black "XFast_EddieX"]
[WhiteElo "1163"]
[BlackElo "1200"]
[PlyCount "75"]
[Result "1-0"]

1.c4 e5 2.Nc3 d6 3.g3 Nc6 4.Bg2 g6 5.Nf3 Nb4 6.O-O 
Bf5 7.d4 Nc2 8.e4 Nxa1 9.exf5 exd4 10.Nxd4 Nf6 
11.Be3 Qe7 12.Qxa1 O-O-O 13.Re1 Qe8 14.fxg6 hxg6 
15.Nf3 Kb8 16.Bxa7+ Kxa7 17.Rxe8 Rxe8 18.Qd1 Bg7 
19.Qa4+ Kb8 20.Nb5 c6 21.Nxd6 Re6 22.Nxf7 Rf8 
23.N7g5 Rd6 24.c5 Rd5 25.Ne6 Rg8 26.Nxg7 Rxg7 
27.Nd4 Re5 28.Bxc6 Re1+ 29.Kg2 bxc6 30.Qb4+ Kc7 
31.Qxe1 Kd7 32.Qe6+ Kc7 33.Qxc6+ Kd8 34.Qxf6+ Kc7 
35.Qxg7+ Kc8 36.c6 Kb8 37.c7+ Kc8 
38.Qe7 1-0

[Event "HCL-B3818"]
[Site "www.playchess.de"]
[Date "2006.01.30"]
[Round "4"]
[White "XFast_EddieX"]
[Black "Kannsnich"]
[WhiteElo "1200"]
[BlackElo "1228"]
[PlyCount "48"]
[Result "0-1"]

1.d4 Nf6 2.e3 g6 3.c3 Bg7 4.f4 O-O 5.Nf3 d6 6.g3 
Bg4 7.Be2 Nbd7 8.Nbd2 Nd5 9.Nh4 Nxe3 10.Qb3 Rb8 
11.Bxg4 Nxg4 12.Qd1 Ngf6 13.O-O e6 14.Qf3 c5 
15.dxc5 Nxc5 16.b4 Na4 17.Ne4 Nxe4 18.Qxe4 Nxc3 
19.Qe3 Nd5 20.Qxa7 Bxa1 21.Ba3 Bf6 22.Nf3 Qb6+ 
23.Qxb6 Nxb6 24.b5 Rfd8 0-1

[Event "HCL-C4075"]
[Site "www.playchess.de"]
[Date "2006.01.30"]
[Round "2"]
[White "manitcse2005"]
[Black "Maneco"]
[WhiteElo "348"]
[BlackElo "1063"]
[PlyCount "46"]
[Result "0-1"]

1.d4 Nf6 {Happy new year!}  2.e3 d5 3.a4 e6 4.c3 
Bd7 5.Be2 Bd6 6.f3 O-O 7.e4 c5 8.exd5 exd5 9.dxc5 
Bxc5 10.b4 Bxg1 11.b5 Qb6 12.Kd2 Be3+ 13.Ke1 Bf5 
14.Bxe3 Qxe3 15.Rf1 Nbd7 16.Ra2 Rfe8 17.Rd2 Nc5 
18.f4 Nd3+ 19.Rxd3 Bxd3 20.Rf2 Ng4 21.Qd2 Qxf2+ 
22.Kd1 Rxe2 23.Qxd3 Qe1+ 0-1

[Event "HCL-B3822"]
[Site "www.playchess.de"]
[Date "2006.01.30"]
[Round "1"]
[White "dynamike"]
[Black "quant"]
[WhiteElo "1610"]
[BlackElo "1503"]
[PlyCount "52"]
[Result "0-1"]

1.e4 e5 2.Nf3 Nc6 3.Bc4 Bc5 4.O-O Nf6 5.Nc3 d6 
6.h3 O-O 7.Re1 h6 8.Nd5 a6 9.a3 b5 10.Ba2 Nd4 
11.c3 Ne6 12.d4 exd4 13.cxd4 Ba7 14.Nxf6+ Qxf6 
15.Be3 Bb7 16.Bb1 Rfe8 17.d5 Bxe3 18.Rxe3 Nc5 
19.b4 Qxa1 20.bxc5 dxc5 21.e5 g6 22.Qc2 Bxd5 
23.Nh4 Rxe5 24.Nxg6 Rxe3 25.fxe3 fxg6 26.Qxg6+ 
Qg7 0-1

[Event "HCL-C4086"]
[Site "www.playchess.de"]
[Date "2006.01.30"]
[Round "5"]
[White "papolo"]
[Black "schach123matt"]
[WhiteElo "799"]
[BlackElo "800"]
[PlyCount "30"]
[Result "1-0"]

1.e4 d5 2.e5 d4 3.Ne2 b6 4.Nf4 g6 5.g3 f5 6.e6 Qd6 
7.Bg2 c6 8.Qe2 Ba6 9.d3 Nf6 10.b3 c5 11.Bxa8 Bh6 
12.Na3 Nc6 13.Bxc6+ Nd7 14.Bxd7+ Kd8 15.Bd2 
Bxf4 1-0

[Event "HCL-C3993"]
[Site "www.playchess.de"]
[Date "2006.01.30"]
[Round "2"]
[White "Senescal"]
[Black "qwerty1234567890"]
[WhiteElo "800"]
[BlackElo "800"]
[PlyCount "40"]
[Result "0-1"]

1.e4 {I'm wainting your move, ok?}  d6 2.d4 Nf6 
3.Nc3 Bg4 4.Nf3 d5 5.exd5 Qd7 6.Bc4 Qe6+ 7.dxe6 
fxe6 8.Bxe6 h5 9.Qe2 Nc6 10.Be3 Rd8 11.Bg5 Rd6 
12.Bxg4 Nxg4 13.O-O-O Nb4 14.Rhe1 g6 15.Qb5+ Nc6 
16.Qxb7 Nxf2 17.Nb5 Na5 18.Nxc7+ Kf7 19.Ne5+ Kg8 
20.Qf3 Ng4 0-1

[Event "HCL-A2454"]
[Site "www.playchess.de"]
[Date "2006.01.30"]
[Round "14"]
[White "alldrix"]
[Black "tiit145"]
[WhiteElo "1647"]
[BlackElo "1554"]
[PlyCount "83"]
[Result "1-0"]

1.e4 c5 2.b4 e5 3.Nf3 Nf6 4.Nxe5 cxb4 5.Bc4 d5 
6.exd5 Nfd7 7.d4 Nxe5 8.dxe5 Bc5 9.O-O O-O 10.Bb2 
a6 11.a4 bxa3 12.Nxa3 Qh4 13.Qe1 Nd7 14.e6 Qh6 
15.exd7 Bxd7 16.Qc3 Rfe8 17.Rae1 Rxe1 18.Rxe1 Bd6 
19.g3 Rc8 {Hello!Happy New Year! Tiit}  20.Qb3 Rb8 
21.Bd3 b5 22.Nb1 Bc5 23.Qc3 Rc8 24.Qd2 Qh3 25.Qg5 
Bxf2+ 26.Kxf2 Qxh2+ 27.Kf3 Qh6 28.Qxh6 gxh6 29.Rh1 
f5 30.Rxh6 Be8 31.Kf4 Bg6 32.Nd2 a5 33.g4 Rc5 
34.gxf5 Bf7 35.d6 Be8 36.Ne4 Rd5 37.Nf6+ Kg7 
38.Rxh7+ Kf8 39.Nxd5 b4 40.d7 Kg8 41.Nf6+ Kf8 
42.dxe8Q+ 1-0

[Event "HCL-B3802"]
[Site "www.playchess.de"]
[Date "2006.01.30"]
[Round "10"]
[White "Kannsnich"]
[Black "mrchess"]
[WhiteElo "1206"]
[BlackElo "1427"]
[PlyCount "70"]
[Result "0-1"]

1.c4 c5 2.Nc3 d6 3.Nf3 Nf6 4.g3 Bd7 5.Bg2 Bc6 
6.O-O a6 7.d4 cxd4 8.Nxd4 Bxg2 9.Kxg2 g6 10.e3 Bg7 
11.Qf3 Qc7 12.b3 O-O 13.Bb2 Nc6 14.Nd5 Nxd5 
15.Qxd5 Nxd4 16.Bxd4 Qc6 17.Qxc6 bxc6 18.Rad1 c5 
19.Bxg7 Kxg7 20.Rd5 a5 21.Rfd1 a4 22.e4 axb3 
23.axb3 Rfb8 24.R5d3 Ra3 25.Rb1 Rb4 26.Rb2 Rxc4 
27.f3 Rb4 28.Rc3 Kf6 29.Kf2 Ke5 30.Ke3 e6 31.Rd3 
c4 32.f4+ Kf6 33.Rxd6 Raxb3+ 34.Rxb3 cxb3 35.Kd3 
b2 0-1

[Event "HCL-T260"]
[Site "www.playchess.de"]
[Date "2006.01.30"]
[Round "5"]
[White "hal1958"]
[Black "pruliere"]
[WhiteElo "1448"]
[BlackElo "1840"]
[PlyCount "90"]
[Result "0-1"]

1.e4 d6 2.d4 Nf6 3.Nc3 g6 4.f4 Bg7 5.Nf3 c5 6.Bb5+ 
Bd7 7.dxc5 Bxb5 8.Nxb5 Qa5+ 9.Nc3 Nxe4 10.O-O 
Qxc5+ 11.Kh1 Nxc3 12.bxc3 Bxc3 13.Rb1 b6 14.Qd3 
Bg7 15.Be3 Qc7 16.Qd5 Qc6 17.Qb3 Nd7 18.Ng5 O-O 
19.Rbd1 Nc5 20.Bxc5 bxc5 21.Rdb1 h6 22.Nf3 Qc7 
23.Qd5 Rab8 24.Nd2 Rxb1 25.Rxb1 Rb8 26.Rxb8+ Qxb8 
27.g3 Bd4 28.Nb3 Bg7 29.Kg2 Qb4 30.Qa8+ Kh7 
31.Qxa7 Qe4+ 32.Kh3 Qf5+ 33.Kg2 Qxc2+ 34.Kh3 Qe2 
35.Qa4 f5 36.Qa5 Bf6 37.Qd2 Qxd2 38.Nxd2 e6 39.a4 
Bd8 40.Nc4 d5 41.Ne5 c4 42.Nc6 c3 43.Nd4 Bb6 
44.Nc2 d4 45.Kg2 d3 0-1

[Event "HCL-B3831"]
[Site "www.playchess.de"]
[Date "2006.01.30"]
[Round "12"]
[White "je_suis_tahmid"]
[Black "Tofik"]
[WhiteElo "1180"]
[BlackElo "1377"]
[PlyCount "55"]
[Result "1-0"]

1.e4 e5 2.Nf3 Nc6 3.d4 exd4 4.Nxd4 Bc5 5.Be3 Nf6 
6.Nxc6 bxc6 7.Bxc5 d6 8.Bd4 O-O 9.Nc3 Re8 10.f3 
Rb8 11.Na4 Bd7 12.Bc4 c5 13.Bxf6 Qxf6 14.Bb3 Re7 
15.Nc3 a5 16.Nd5 Qxb2 17.Nxe7+ Kf8 18.Nd5 a4 
19.Rb1 Qe5 20.Bc4 Rxb1 21.Qxb1 Be8 22.Qd1 c6 
23.Nb6 Qc3+ 24.Kf2 Qe5 25.g3 f6 26.Re1 a3 27.f4 
Qe7 28.Nc8 1-0

[Event "HCL-A2567"]
[Site "www.playchess.de"]
[Date "2006.01.30"]
[Round "5"]
[White "Macko"]
[Black "neg001gro"]
[WhiteElo "1766"]
[BlackElo "1700"]
[PlyCount "84"]
[Result "0-1"]

1.b4 e5 2.b5 d5 3.Bb2 Bd6 4.d4 e4 5.e3 a6 6.bxa6 
Nxa6 7.c4 dxc4 8.Bxc4 Qg5 9.g3 Nf6 10.Nc3 O-O 
11.Qd2 c6 12.a4 Nb4 13.Nge2 Be6 14.Bxe6 fxe6 
15.O-O Nbd5 16.Ba3 Bxa3 17.Rxa3 Qf5 18.Qb2 Qh3 
19.Nf4 Nxf4 20.exf4 Ng4 21.f3 Ne3 22.Rc1 Nc4 
23.Qb3 Nxa3 24.Nxe4 Rfd8 25.Qxa3 Rxd4 26.Qb3 Rd7 
27.Rc5 b5 28.Nf2 bxa4 29.Qc4 Qh6 30.Rxc6 Qf6 
31.Rxe6 Qf7 32.Qc6 Rdd8 33.Re5 a3 34.Qc3 Rde8 
35.Rxe8+ Qxe8 36.Qc4+ Kh8 37.Qa2 Qg8 38.Qa1 Qb3 
39.Nd1 Rc8 40.f5 Qxf3 41.Qb1 Re8 42.Nf2 
a2 0-1

[Event "HCL-A2498"]
[Site "www.playchess.de"]
[Date "2006.01.30"]
[Round "5"]
[White "kali"]
[Black "Eishockeytorwart"]
[WhiteElo "1456"]
[BlackElo "1849"]
[PlyCount "54"]
[Result "0-1"]

1.e4 e5 2.Nf3 Nc6 3.Bb5 a6 4.Ba4 Nf6 5.O-O Be7 
6.Re1 b5 7.Bb3 d6 8.c3 Bg4 9.h3 Bh5 10.d3 O-O 
11.Nbd2 Na5 12.Bc2 Nc6 13.Qe2 Kh8 14.b4 a5 15.a3 
axb4 16.cxb4 Nxb4 17.Bb3 Nc6 18.Qe3 Na5 19.Ba2 Nb7 
20.d4 exd4 21.Nxd4 Qd7 22.Bb2 Bg6 23.f3 Rfe8 
24.Rec1 c5 25.Ne2 d5 26.exd5 c4 27.Nc3 
Bc5 0-1

[Event "HCL-A2498"]
[Site "www.playchess.de"]
[Date "2006.01.30"]
[Round "6"]
[White "Eishockeytorwart"]
[Black "kali"]
[WhiteElo "1849"]
[BlackElo "1456"]
[PlyCount "57"]
[Result "1-0"]

1.e4 {willkommen und viel glück aus 
Mönchengladbach}  e5 {Hallo aus Lechenich und 
ebenfalls viel Erfolg in allen ausser unseren 
Partien :-)}  2.Nf3 Nc6 3.Bb5 a6 4.Bxc6 dxc6 5.O-O 
f6 6.d4 exd4 7.Nxd4 c5 8.Nb3 Be6 9.Qe2 Bd6 10.Nxc5 
Bxc5 11.Qh5+ Bf7 12.Qxc5 Ne7 13.Bf4 Rc8 14.Nc3 O-O 
15.Rfd1 Qe8 16.Bxc7 Ng6 17.Qb6 Qc6 18.Qxc6 bxc6 
19.Bg3 Rcd8 20.b3 Ne5 21.Na4 Rfe8 22.Nc5 Kf8 
23.Rxd8 Rxd8 24.Bxe5 fxe5 25.Nxa6 Rd2 26.a4 Rxc2 
27.a5 Bxb3 28.Nb4 Rc4 29.a6 1-0

[Event "HCL-A2510"]
[Site "www.playchess.de"]
[Date "2006.01.30"]
[Round "6"]
[White "Dams"]
[Black "taroak"]
[WhiteElo "1265"]
[BlackElo "1399"]
[PlyCount "62"]
[Result "0-1"]

1.e4 c5 2.Nf3 g6 3.c4 Nc6 4.Nc3 Nf6 5.d4 cxd4 
6.Nxd4 Nxd4 7.Qxd4 d6 8.Nd5 Bg7 9.Bd3 O-O 10.O-O 
Be6 11.Qe3 Nd7 12.Rb1 Qa5 13.Nxe7+ Kh8 14.a3 Qd8 
15.Nd5 Bxd5 16.cxd5 Re8 17.b4 f5 18.Bb2 fxe4 
19.Bxg7+ Kxg7 20.Qd4+ Qf6 21.Qxf6+ Nxf6 22.Bb5 Re5 
23.Rfd1 Rf8 24.Rbc1 Ng4 25.Rde1 Nxf2 26.Rc7+ Kh6 
27.Re3 Ng4 28.Rh3+ Kg5 29.Rhxh7 e3 30.Rc2 Rxd5 
31.Rxb7 Rd1+ 0-1

[Event "HCL-A2482"]
[Site "www.playchess.de"]
[Date "2006.01.30"]
[Round "9"]
[White "kali"]
[Black "manifold"]
[WhiteElo "1456"]
[BlackElo "1509"]
[PlyCount "56"]
[Result "0-1"]

1.e4 d5 {Hi!}  2.exd5 {HI as well!}  Qxd5 3.Nc3 
Qa5 4.Nf3 c6 5.d4 Bf5 6.Bc4 e6 7.Bd2 b5 8.Bb3 Nf6 
9.d5 cxd5 10.Nxd5 Qd8 11.Nxf6+ gxf6 12.O-O Nc6 
13.c3 Bc5 14.Bf4 Rg8 15.Re1 Bh3 16.g3 Qb6 17.Be3 
Rd8 18.Qe2 Bg4 19.Bxc5 Qxc5 20.Qe4 f5 21.Qe3 Qxe3 
22.Rxe3 f4 23.Re4 Bxf3 24.Rxf4 Ne5 25.Bc2 Rd2 
26.Bxh7 Rg4 27.Rxg4 Nxg4 28.b4 
Rxf2 0-1

[Event "HCL-A2510"]
[Site "www.playchess.de"]
[Date "2006.01.30"]
[Round "3"]
[White "Baldrick"]
[Black "Dams"]
[WhiteElo "1727"]
[BlackElo "1265"]
[PlyCount "67"]
[Result "1-0"]

1.Nf3 {Greetings!}  Nf6 {you too !}  2.g3 d5 3.Bg2 
e6 4.O-O Bd6 5.d3 O-O 6.Bg5 h6 7.Bxf6 Qxf6 8.Nbd2 
Qxb2 9.e4 d4 10.Nc4 Qb4 11.Rb1 Qc5 12.e5 Be7 
13.Re1 Nd7 14.Re4 f6 15.Nxd4 Nxe5 16.Rb5 Nxd3 
17.Qxd3 Rd8 18.Rxc5 Bxc5 19.c3 e5 20.Qe2 Bd7 
21.Nb3 Be7 22.f4 Bc6 23.Re3 Be8 24.fxe5 Bf7 
25.exf6 Bxf6 26.Bxb7 Rab8 27.Bc6 Kf8 28.Nc5 Kg8 
29.Nd7 Rb1+ 30.Kg2 Bg5 31.Rf3 Rc1 32.Rxf7 Kxf7 
33.Bd5+ {I announce mate in three moves!}  Kg6 {I 
will try up to the end !}  34.Qe4+ {OK!} 
 1-0

[Event "HCL-E1564"]
[Site "www.playchess.de"]
[Date "2006.01.30"]
[Round "17"]
[White "XANDERKIRV"]
[Black "alldrix"]
[WhiteElo "1468"]
[BlackElo "1624"]
[PlyCount "54"]
[Result "0-1"]

1.e4 e6 2.d4 d5 3.Nd2 Nf6 4.e5 Nfd7 5.Ngf3 c5 6.c3 
Nc6 7.Bb5 cxd4 8.Bxc6 bxc6 9.cxd4 Ba6 10.a3 Qa5 
11.b3 c5 12.Bb2 cxd4 13.b4 Qc7 14.Bxd4 Be7 15.Rc1 
Qb7 16.Nb3 O-O 17.Nc5 Nxc5 18.Bxc5 Bxc5 19.Rxc5 
Rfc8 20.Qd4 Rxc5 21.Qxc5 Rc8 22.Qd6 Qb5 23.Nd4 Qd3 
24.f4 Rc1+ 25.Kf2 Qxd4+ 26.Kg3 Rc3+ 27.Kh4 
Qxf4+ 0-1

[Event "HCL-E1511"]
[Site "www.playchess.de"]
[Date "2006.01.30"]
[Round "4"]
[White "Patkov"]
[Black "DreamGamer"]
[WhiteElo "2000"]
[BlackElo "1631"]
[PlyCount "96"]
[Result "0-1"]

1.d4 Nf6 2.c4 e6 3.Nf3 b6 4.Bg5 Bb4+ 5.Nbd2 Bb7 
6.Qb3 Na6 7.e3 Bxf3 8.gxf3 Bxd2+ 9.Kxd2 Ne4+ 
10.fxe4 Qxg5 11.c5 Nb8 12.h4 Qf6 13.Be2 Nc6 14.d5 
Na5 15.Qc2 bxc5 16.Rab1 Nb7 17.Ba6 Qxf2+ 18.Be2 
O-O 19.Rbf1 Qg3 20.Rhg1 Qxh4 21.Rf4 Qh2 22.Qb1 Nd6 
23.b3 f5 24.Qa1 g6 25.Rh1 Qg2 26.Rg1 Nxe4+ 27.Kd3 
Qh2 28.Qe1 exd5 29.Rh1 Qg2 30.Rg1 c4+ 31.bxc4 
dxc4+ 32.Kxc4 Nd6+ 33.Kd4 Qb7 34.Bf3 Qb2+ 35.Kd3 
Qa3+ 36.Ke2 Qxa2+ 37.Kf1 Rab8 38.Rd4 Qa6+ 39.Be2 
Qa3 40.Rh1 Qxe3 41.Qh4 Rb1+ 42.Rd1 Rxd1+ 43.Bxd1 
Rf7 44.Rh3 Qc1 45.Ke1 Ne4 46.Rd3 d6 47.Kf1 Qc4 
48.Be2 Nd2+ 0-1

[Event "HCL-E1556"]
[Site "www.playchess.de"]
[Date "2006.01.30"]
[Round "20"]
[White "Bauarbeiter"]
[Black "Abra"]
[WhiteElo "1767"]
[BlackElo "1503"]
[PlyCount "89"]
[Result "1-0"]

1.d4 {Hi. Nice to meet you. Good luck.}  d5 
{Hello, wish you a nice game from the 
Netherlands.
}  2.c4 dxc4 3.e4 c6 4.Bxc4 e6 5.Nf3 Bb4+ 6.Nc3 h6 
7.O-O Nf6 8.Re1 O-O 9.a3 Ba5 10.b4 Bb6 11.Be3 Bc7 
12.e5 Nd5 13.Nxd5 exd5 14.Bd3 b5 15.Qc2 a5 16.Bd2 
a4 17.h3 Be6 18.Nh2 Qh4 19.f4 g6 20.Bxg6 Bxh3 
21.Bh7+ Kh8 22.gxh3 Qxh3 23.Re3 Qh5 24.Rg3 Nd7 
25.Kh1 f5 26.Bg6 Qe2 27.Qxc6 Nxe5 28.fxe5 Ra7 
29.Qc5 Rfa8 30.Bxh6 Qe4+ 31.Nf3 Rb7 32.Bf7 Bb6 
33.Bg7+ Kh7 34.Rh3+ Kxg7 35.Rg1+ Qg4 36.Rxg4+ fxg4 
37.Qxd5 gxh3 38.Qxb7 Ra7 39.Qxb6 Rxf7 40.Ng5 Rf2 
41.Nxh3 Rf3 42.Qc7+ Kg6 43.Qc6+ Kh5 44.Qxf3+ Kg6 
{I give up, congratulations.}  45.Kg2 {thanks for 
playing.}  1-0

[Event "HCL-A2523"]
[Site "www.playchess.de"]
[Date "2006.01.30"]
[Round "8"]
[White "Wernswig"]
[Black "schachsky"]
[WhiteElo "1486"]
[BlackElo "1141"]
[PlyCount "51"]
[Result "1-0"]

1.e4 {hello, good luck to you}  e5 {Danke schön, 
gleichfalls!}  2.f4 exf4 3.Nf3 Nf6 4.d3 d5 5.e5 
Nh5 6.Nd4 Qh4+ 7.Kd2 Qg5 8.Nf3 Qf5 9.Nc3 Bb4 10.a3 
Bc5 11.Nxd5 Nc6 12.Nxc7+ Ke7 {oops, aber das war 
das letze Mal dieses Jahr -:) und alles Gutes für 
das neues Jahr!}  13.Nxa8 Kd7 14.b4 Be3+ 15.Kc3 
Nxe5 16.Bxe3 fxe3 17.d4 Nxf3 18.Qxf3 Qxf3 19.gxf3 
Kc6 20.b5+ Kd6 21.b6 a6 22.Nc7 Kc6 23.Rb1 Nf6 
24.Kd3 Bf5+ 25.Kxe3 Bxc2 26.Rc1 1-0

[Event "HCL-C3952"]
[Site "www.playchess.de"]
[Date "2006.01.30"]
[Round "14"]
[White "alauddin"]
[Black "JRockne"]
[WhiteElo "937"]
[BlackElo "1054"]
[PlyCount "100"]
[Result "0-1"]

1.e4 {hello!}  e5 {Good Morning}  2.Nf3 Nc6 3.Bb5 
a6 4.Bxc6 bxc6 5.d3 Nf6 6.a3 a5 7.Be3 d5 8.O-O c5 
9.c4 d4 10.Bd2 c6 11.Nxe5 Qc7 12.Bf4 Bd6 13.Nxf7 
Kxf7 14.Bxd6 Qxd6 15.Qf3 Qe5 16.a4 Rb8 17.Qg3 Qxg3 
18.fxg3 Rf8 19.e5 Rxb2 20.exf6 gxf6 21.Na3 Re8 
22.Rab1 Rd2 23.Rf4 Rxd3 24.Nc2 Rc3 25.Rbf1 Rxc2 
26.R4xf6+ Kg8 27.g4 Bxg4 28.h3 Be2 29.Re1 d3 
30.Rd6 Rxc4 31.Rxc6 d2 32.Kf2 Bh5 33.Rxe8+ Bxe8 
34.Rc8 d1Q 35.Rxe8+ Kf7 36.Re3 Rc2+ 37.Kg3 Kf6 
38.Rf3+ Qxf3+ 39.gxf3 Re2 40.f4 Kf5 41.Kf3 Re4 
42.h4 c4 43.Kg3 c3 44.h5 c2 45.Kh3 c1Q 46.Kh4 
Rxf4+ 47.Kh3 Qf1+ 48.Kg3 Qg1+ 49.Kh3 Rg4 50.h6 
Qg3+ 0-1

[Event "HCL-B3756"]
[Site "www.playchess.de"]
[Date "2006.01.30"]
[Round "11"]
[White "epenz"]
[Black "unclcarle"]
[WhiteElo "977"]
[BlackElo "1099"]
[PlyCount "76"]
[Result "0-1"]

1.e4 {hi}  e5 {Hello again}  2.Nf3 Qf6 3.Nc3 Bb4 
4.a3 Bxc3 5.bxc3 Nh6 6.Be2 O-O 7.O-O Qg6 8.d3 d6 
9.Be3 b6 10.d4 exd4 11.cxd4 Bh3 12.g3 Bxf1 13.Bxf1 
Ng4 14.Bh3 Nxe3 15.Qd2 Qxe4 16.Qxe3 Qxc2 17.a4 Nc6 
18.d5 Nb4 19.Rc1 Qxa4 20.Rxc7 Nxd5 21.Qd4 Qxd4 
22.Nxd4 Nxc7 23.Nc6 a5 24.Kg2 a4 25.Bf5 Ra6 26.Bb1 
b5 27.Kf3 Rxc6 28.Ke4 Re8+ 29.Kd4 Re2 30.f4 Rxh2 
31.Be4 Rc4+ 32.Ke3 Rc3+ 33.Bd3 Nd5+ 34.Kd4 Rc5 
35.f5 Rh3 36.Be4 Nf6 37.Bd3 Rd5+ 38.Kc3 
Rxg3 0-1

[Event "HCL-B3771"]
[Site "www.playchess.de"]
[Date "2006.01.30"]
[Round "16"]
[White "GMO"]
[Black "unclcarle"]
[WhiteElo "1312"]
[BlackElo "1099"]
[PlyCount "79"]
[Result "1-0"]

1.e4 e5 {Greetings from NYC.  Have a great game.}  
2.Bc4 {GMO from Juiz de Fora. Thanks!}  Nf6 {How 
is the weather there?  We are cold and dreary here 
in NY.}  3.d3 d5 4.exd5 c6 5.dxc6 Nxc6 6.c3 Bc5 
7.Bg5 Qe7 8.h3 e4 9.Qe2 h6 10.Bh4 Bf5 11.dxe4 Bxe4 
12.f3 Bxb1 13.Qxe7+ Bxe7 14.Rxb1 Ne5 15.Bb5+ Nc6 
16.Bxc6+ bxc6 17.Ne2 Nd5 18.Bf2 O-O 19.O-O Rab8 
20.a3 Bf6 21.Bxa7 Rb7 22.Bc5 Re8 23.Nd4 Bxd4+ 
24.Bxd4 Re2 25.Rf2 Re6 26.c4 Nf4 27.Kf1 Nd3 28.Re2 
Rbe7 29.Rxe6 Rxe6 30.b4 Rd6 31.Bb2 c5 32.b5 Rf6 
33.Bxf6 gxf6 34.a4 Nb4 35.b6 Nc6 36.b7 f5 37.b8Q+ 
Nxb8 38.Rxb8+ Kg7 39.a5 f6 40.Rc8 1-0

[Event "HCL-A2494"]
[Site "www.playchess.de"]
[Date "2006.01.30"]
[Round "15"]
[White "kali"]
[Black "Spotsychess"]
[WhiteElo "1456"]
[BlackElo "1533"]
[PlyCount "63"]
[Result "1/2-1/2"]

1.Nf3 e6 2.g3 b6 3.Bg2 Bb7 4.O-O Nf6 5.b3 Be7 
6.Bb2 O-O 7.d3 d5 8.c4 c6 9.Nbd2 Nbd7 10.Rc1 h6 
11.Qc2 Rc8 12.e3 b5 13.Rfd1 Re8 14.a3 a6 15.b4 Nh7 
16.c5 Bf6 17.Bxf6 Ndxf6 18.Ne5 Nd7 19.Ndf3 Nhf8 
20.Nxd7 Nxd7 21.d4 f5 22.Ne5 Nxe5 23.dxe5 Rf8 
24.f4 Rc7 25.Kf2 Rd7 26.Qb3 Kf7 27.h3 g6 28.Ke2 h5 
29.h4 Qc7 30.Rd2 a5 31.Ra2 a4 32.Qc3 {(offering 
draw)}  1/2-1/2

[Event "HCL-B3820"]
[Site "www.playchess.de"]
[Date "2006.01.30"]
[Round "28"]
[White "Skipper_Robert"]
[Black "JRockne"]
[WhiteElo "973"]
[BlackElo "1053"]
[PlyCount "54"]
[Result "0-1"]

1.d4 {hi}  d5 {Good morning}  2.Nc3 Nf6 3.e3 Bg4 
4.f3 Bh5 5.g4 Bg6 6.Bd3 e6 7.Bxg6 hxg6 8.g5 Nfd7 
9.f4 Bb4 10.Qd3 Nc6 11.Bd2 Qe7 12.Nb5 Nb6 13.a3 
Bxd2+ 14.Qxd2 a6 15.Nc3 Nc4 16.Qc1 O-O-O 17.b3 Nd6 
18.Nf3 Rh3 19.Ng1 Rh7 20.Qd2 Nf5 21.O-O-O Rdh8 
22.Nf3 R7h3 23.Qe2 f6 24.Qd3 Rxf3 25.Rde1 Rfh3 
26.Na4 R3xh2 27.Rhg1 Qxa3+ 0-1

[Event "HCL-E1547"]
[Site "www.playchess.de"]
[Date "2006.01.30"]
[Round "8"]
[White "danrobert"]
[Black "Eishockeytorwart"]
[WhiteElo "2000"]
[BlackElo "1938"]
[PlyCount "48"]
[Result "0-1"]

1.e4 e5 {welcome from germany}  2.f4 exf4 3.Nf3 
Nf6 4.Nc3 d5 5.exd5 Nxd5 6.Qe2+ Be7 7.Nxd5 Qxd5 
8.d4 Bg4 9.c3 c5 10.Bxf4 Nc6 11.Rd1 cxd4 12.h3 
Bxf3 13.gxf3 O-O 14.Kf2 Qxa2 15.cxd4 Bf6 16.Be5 
Rfe8 17.f4 Rad8 18.Kg1 Rxd4 19.Rxd4 Nxd4 20.Qf2 
Bxe5 21.fxe5 Qd5 22.Bg2 Qxe5 23.Bxb7 Qg5+ 24.Qg2 
Re1+ 0-1

[Event "HCL-E1564"]
[Site "www.playchess.de"]
[Date "2006.01.30"]
[Round "20"]
[White "XANDERKIRV"]
[Black "Emerson"]
[WhiteElo "1468"]
[BlackElo "1790"]
[PlyCount "46"]
[Result "0-1"]

1.e4 {Hello once more.}  c5 {Yeah!
:-))}  2.Nf3 Nc6 3.d4 cxd4 4.Nxd4 Qb6 5.Nb3 Nf6 
6.Nc3 e6 7.a3 Be7 8.f3 O-O 9.Bg5 h6 10.Bd2 Rd8 
11.Qc1 Kh7 12.Be3 Qc7 13.Qd2 d5 14.exd5 Nxd5 
15.Bd3+ g6 16.Bxh6 Qe5+ 17.Ne4 f5 18.f4 Qxb2 
19.Ng5+ Kxh6 20.Nf7+ Kg7 21.Nxd8 Bxd8 22.h4 Ba5 
23.Nxa5 Qxa1+ 0-1

[Event "HCL-E1564"]
[Site "www.playchess.de"]
[Date "2006.01.30"]
[Round "18"]
[White "alldrix"]
[Black "XANDERKIRV"]
[WhiteElo "1624"]
[BlackElo "1468"]
[PlyCount "55"]
[Result "1-0"]

1.e4 {hello again!}  c5 {Hello and good luck.}  
2.Nc3 e6 3.Nf3 a6 4.d4 cxd4 5.Nxd4 b5 6.a3 Bb7 
7.Bd3 d6 8.O-O Be7 9.f4 Nf6 10.Be3 O-O 11.Kh1 Nc6 
12.Qf3 Nxd4 13.Bxd4 Re8 14.Qh3 h6 15.Be3 e5 
16.fxe5 dxe5 17.Rf3 Bc8 18.Qg3 Bg4 19.Bxh6 gxh6 
20.h3 h5 21.Raf1 Kg7 22.Nd5 Nxd5 23.exd5 f6 
24.hxg4 Kh6 25.g5+ fxg5 26.Qxe5 Qd6 27.R3f6+ Qxf6 
28.Rxf6+ 1-0